[Event "It (cat.1)"]
[Site "masterchessopen.com Habana (Cuba)"]
[Date "2009.07.04"]
[Round "13"]
[White "Gonzalez Perez Arian (CUB)"]
[Black "Gutierrez Yusuan (CUB)"]
[Result "1-0"]
[WhiteElo "2373"]
[BlackElo "2263"]

1.d4 Nf6 2.c4 g6 3.Nf3 Bg7 4.g3 O-O 5.Bg2 c6 6.O-O d5 7.Nbd2 Bf5 8.b3 Ne4
9.Bb2 Nd7 10.Rc1 f6 11.e3 e5 12.cxd5 cxd5 13.Nh4 Qa5 14.Nxf5 gxf5 15.Nf3 Qxa2
16.Ba1 Rac8 17.Rxc8 Rxc8 18.dxe5 Nb6 19.exf6 Rc2 20.Nd4 Rd2 21.f7+ Kxf7
22.Qh5+ {#r} 1-0

[Event "It (open)"]
[Site "masterchessopen.com Rethymno (Greece)"]
[Date "2009.07.13"]
[Round "2"]
[White "Kharitonov Alexandr (RUS)"]
[Black "Balaskas Panayotis (GRE)"]
[Result "1-0"]
[WhiteElo "2534"]
[BlackElo "2129"]

1.d4 Nf6 2.c4 g6 3.g3 c6 4.Bg2 d5 5.Nf3 Bg7 6.O-O O-O 7.Nbd2 b5 8.cxb5 cxb5
9.Nb3 a5 10.Bf4 a4 11.Nc5 Nh5 12.Be5 f6 13.Bxb8 Rxb8 14.b3 a3 15.b4 Ra8 16.Qb3
Kh8 17.Nd2 e6 18.Nb1 f5 19.e3 g5 20.Nxa3 Qe8 21.Qd3 Rb8 22.Nb1 f4 23.exf4 gxf4
24.Nd2 e5 25.dxe5 Qxe5 26.Rae1 Qb2 27.Rb1 Qd4 28.Qxd4 Bxd4 29.Ndb3 Bxc5
30.Nxc5 f3 31.Bh1 Ra8 32.Rb3 Rxa2 33.Rxf3 Rxf3 34.Bxf3 Nf6 35.Rd1 Rb2 36.Kg2
Rxb4 37.Bxd5 Kg7 38.Bf3 Bf5 39.Rd6 Rb2 40.h3 b4 41.g4 Bg6 42.g5 Nh5 43.Rd7+
Kf8 44.Ne6+ Kg8 45.Rb7 Bf5 46.Nd4 Bg6 47.Bd5+ {#r} 1-0

[Event "It (open) \"]
[Site "masterchessopen.com Helsingor (Denmark)"]
[Date "2009.07.21"]
[Round "5"]
[White "Jacobsen S"]
[Black "Algra Jouke M (NED)"]
[Result "0-1"]
[WhiteElo "1906"]
[BlackElo "2123"]

1.Nf3 d5 2.g3 Nf6 3.Bg2 g6 4.d4 Bg7 5.c4 c6 6.O-O O-O 7.Nbd2 Re8 8.Ne5 Nbd7
9.Ndf3 Ne4 10.cxd5 cxd5 11.Bf4 Ndf6 12.Qb3 Nh5 13.Be3 e6 14.Rac1 Nhf6 15.Rc2
Nd6 16.Rfc1 h6 17.Qb4 Nfe4 18.Nd3 a5 19.Qe1 Nc4 20.Nfe5 Nxe3 21.fxe3 Nd6
22.Qf2 Qf6 23.Bf3 h5 24.Rf1 Rf8 25.Nc5 Qf5 26.Ned3 Bh6 27.Rcc1 Nc4 28.Nf4 g5
29.Rxc4 gxf4 30.e4 fxg3 31.Qxg3+ Qg5 32.Rc3 Qxg3+ 33.hxg3 b6 34.Nb3 a4 35.Nc1
dxe4 36.Bxe4 Ra5 37.Kf2 e5 38.dxe5 Rxe5 39.Bf3 Be6 40.Nd3 Be3+ 41.Kg2 Rg5
42.Rh1 Bd4 43.Rc6 Bxa2 44.Nf4 Rb8 45.Nd3 b5 46.Rh4 Bg7 47.Rb4 Rd8 48.Rf4 Bb1
49.Rc7 Bxd3 50.exd3 Bxb2 51.Rfxf7 a3 52.Bd1 Rxd3 53.Rfd7 Rgxg3+ 54.Kf2 Rxd7
55.Rc8+ Kg7 {#R} 0-1

[Event "It (open) \"]
[Site "masterchessopen.com Helsingor (Denmark)"]
[Date "2009.07.23"]
[Round "7"]
[White "Roelvaag Mikael (NOR)"]
[Black "Pedersen Jan (DEN)"]
[Result "1-0"]
[WhiteElo "2196"]
[BlackElo "2011"]

1.c4 c6 2.d4 d5 3.Nf3 Nf6 4.Nbd2 g6 5.g3 Bg7 6.Bg2 O-O 7.O-O Nbd7 8.b3 dxc4
9.Nxc4 Nb6 10.Nce5 Bf5 11.Bb2 Qc8 12.Re1 Bh3 13.Bh1 Ne4 14.Nd3 f5 15.Nfe5 Nd5
16.e3 Nef6 17.f3 g5 18.Nf2 g4 19.Nxh3 gxh3 20.Qd3 e6 21.Qf1 Nb4 22.Re2 Nfd5
23.a3 Bxe5 24.dxe5 Nc2 25.Rxc2 Nxe3 26.Qf2 Nxc2 27.Qxc2 f4 28.Rd1 Qc7 29.Qc4
Qf7 30.Rd6 Rad8 31.Qxf4 Qxf4 32.gxf4 Kf7 33.f5 exf5 34.f4 Ke7 35.Bd4 {#r} 1-0

[Event "Ch Russia (club) (juniors) (under 18)"]
[Site "masterchessopen.com Rybinsk (Russia)"]
[Date "2009.08.06"]
[Round "5"]
[White "Kopylov Alexander A (RUS)"]
[Black "Ulanov Alexandr (RUS)"]
[Result "1-0"]
[WhiteElo "2442"]
[BlackElo "2331"]

1.Nf3 d5 2.c4 c6 3.d4 Nf6 4.Nbd2 g6 5.g3 Bg7 6.Bg2 O-O 7.O-O Re8 8.b3 Bf5
9.Bb2 Ne4 10.Nh4 Nxd2 11.Qxd2 Qd7 12.Nxf5 Qxf5 13.Rfe1 Qd7 14.Rad1 Na6 15.h4
Rad8 16.h5 gxh5 17.cxd5 cxd5 18.e4 Nc7 19.Qf4 dxe4 20.Rxe4 Nd5 21.Qf3 f5
22.Rh4 e6 23.Qxh5 Bf6 24.Rh2 Re7 25.Qh6 Rf7 26.Bf3 Qe7 27.Re1 Rg7 28.Ba3 Qf7
29.Bh5 Qd7 30.Kh1 Qc6 31.Rg2 Qc3 32.Rxe6 Bg5 33.Rd6 Re8 34.Bf7+ Kh8 35.Qxg7+
Kxg7 36.Bxe8 Qe1+ 37.Kh2 Nf6 38.Rxf6 Bxf6 39.Bd7 Qa5 40.Bb2 Qxa2 41.f4 Qxb3
42.Bxf5 Qd5 43.g4 Bxd4 44.Rd2 Kf7 45.Rxd4 Qf3 46.Rd7+ Ke8 47.Be5 h5 48.Rd3
Qe2+ 49.Kh3 hxg4+ 50.Kh4 a5 51.Kg5 Kf7 52.Rd7+ Ke8 53.Bf6 Qb5 54.Re7+ Kf8
55.Kg6 Qd5 56.Rc7 {#r} 1-0

[Event "It (open)"]
[Site "masterchessopen.com Latschach (Austria)"]
[Date "2009.08.09"]
[Round "3"]
[White "Rotstein Arkadij (GER)"]
[Black "Meudt Markus Dr (GER)"]
[Result "1-0"]
[WhiteElo "2534"]
[BlackElo "2121"]

1.Nf3 Nf6 2.c4 g6 3.g3 Bg7 4.Bg2 O-O 5.O-O c6 6.d4 d5 7.Nbd2 Ne4 8.e3 Nxd2
9.Bxd2 dxc4 10.Qc2 Nd7 11.Qxc4 Nf6 12.Ne5 Be6 13.Qc2 Qc8 14.Rfd1 Bh3 15.Bh1
Ng4 16.Nd3 e5 17.f3 exd4 18.fxg4 dxe3 19.Bxe3 Re8 20.Bf2 Bxg4 21.Re1 Qf5
22.Qb3 Rad8 23.Rxe8+ Rxe8 24.Re1 Re2 25.h3 Bf3 26.Bxf3 Qxf3 27.Rxe2 Qxe2
28.Bxa7 Bh6 29.Nf2 b5 30.Kg2 Bg7 31.Qd3 Qe7 32.Bd4 {#r} 1-0

[Event "It \"]
[Site "masterchessopen.com Uxbridge (England)"]
[Date "2009.08.16"]
[Round "9"]
[White "Panchanathan Magesh Chandran (IND)"]
[Black "Venkataramanan T S (IND)"]
[Result "1-0"]
[WhiteElo "2493"]
[BlackElo "2267"]

1.Nf3 Nf6 2.g3 g6 3.Bg2 Bg7 4.O-O O-O 5.d4 d5 6.c4 c6 7.Nbd2 h6 8.b3 Nbd7
9.Bb2 Ne4 10.Ne1 Nxd2 11.Qxd2 dxc4 12.bxc4 Nb6 13.Qc2 Be6 14.c5 Nd5 15.Nd3 a5
16.a4 Qd7 17.e4 Nb4 18.Nxb4 axb4 19.Qd2 b3 20.Rfd1 Rfd8 21.d5 cxd5 22.Bxg7
Kxg7 23.exd5 Rxa4 24.c6 {#r} 1-0

[Event "Ch Tatarstan (open)"]
[Site "masterchessopen.com Kazan (Russia)"]
[Date "2009.08.20"]
[Round "1"]
[White "Ponfilenok Vladimir (RUS)"]
[Black "Gorozhankina Julia (RUS)"]
[Result "1-0"]
[WhiteElo "2440"]
[BlackElo "2079"]

1.d4 Nf6 2.Nf3 g6 3.c4 Bg7 4.g3 d5 5.Bg2 O-O 6.O-O c6 7.Nbd2 Nbd7 8.b3 c5
9.Bb2 cxd4 10.Bxd4 b6 11.cxd5 Nxd5 12.Bxg7 Kxg7 13.Nc4 Bb7 14.e4 Nc7 15.Qe2
Nc5 16.Rfd1 Qe8 17.b4 N5e6 18.a4 Rd8 19.Qc2 Rxd1+ 20.Rxd1 Qa8 21.Nd4 Rd8
22.Ne3 Kg8 23.Nxe6 Nxe6 24.Nd5 Re8 25.h4 Qb8 26.Qc3 Ng7 27.Bh3 Kf8 28.a5 Rd8
29.Rd3 bxa5 30.bxa5 Ba6 31.Rd1 Qb7 32.Rc1 Rb8 33.Qe5 f6 34.Qf4 Qb3 35.Nxe7
Kxe7 36.Rc7+ Ke8 37.Qxf6 {#r} 1-0

[Event "Match \"]
[Site "masterchessopen.com Sochi (Russia)"]
[Date "2009.08.22"]
[Round "8"]
[White "Gunina Valentina (RUS)"]
[Black "Ju Wenjun (CHN)"]
[Result "0-1"]
[WhiteElo "2437"]
[BlackElo "2443"]

1.d4 Nf6 2.c4 g6 3.Nf3 Bg7 4.g3 O-O 5.Bg2 c6 6.O-O d5 7.Nbd2 Bf5 8.b3 Nbd7
9.Bb2 Ne4 10.Nh4 Nxd2 11.Qxd2 Be6 12.e4 dxe4 13.d5 cxd5 14.cxd5 Bxb2 15.dxe6
Bxa1 16.exd7 Bf6 17.Bxe4 Bxh4 18.gxh4 Qb6 19.Kh1 Rad8 20.Rd1 f5 21.Bf3 Rf6
22.Qd5+ Kf8 23.Qd2 Rd6 24.Bd5 e6 25.Qc3 Kf7 26.Qc8 Rxd5 27.Rxd5 exd5 {#R} 0-1

[Event "Tournament (open)"]
[Site "masterchessopen.com Madrid (Spain)"]
[Date "2009.09.19"]
[Round "4"]
[White "Elissalt Cardenas Hector (CUB)"]
[Black "Mansilla Tolosa Luis (ESP)"]
[Result "1-0"]
[WhiteElo "2317"]
[BlackElo "2071"]

1.d4 Nf6 2.Nf3 g6 3.g3 Bg7 4.Bg2 d5 5.O-O O-O 6.c4 c6 7.Nbd2 b6 8.b3 Bb7 9.a4
Re8 10.a5 Nbd7 11.Bb2 b5 12.a6 Bc8 13.Ne5 Nxe5 14.dxe5 Ng4 15.cxd5 cxd5 16.Nf3
e6 17.h3 Nh6 18.g4 Kh8 19.Qd2 Ng8 20.Rfc1 Bd7 21.Bc3 f6 22.exf6 Nxf6 23.g5 Nh5
24.Bxg7+ Nxg7 25.Ne5 Rf8 26.e4 Qe7 27.Qd4 Rf4 28.Rc7 Raf8 29.Rxd7 Qxg5 30.Ng4
e5 31.Qxe5 {#r} 1-0

[Event "Tournament (open)"]
[Site "masterchessopen.com Madrid (Spain)"]
[Date "2009.09.24"]
[Round "9"]
[White "Elissalt Cardenas Hector (CUB)"]
[Black "Almagro Llanas Pablo (ESP)"]
[Result "0-1"]
[WhiteElo "2317"]
[BlackElo "2481"]

1.d4 d5 2.c4 c6 3.Nf3 Nf6 4.Nbd2 g6 5.g3 Bg7 6.Bg2 O-O 7.O-O dxc4 8.Nxc4 Be6
9.Nce5 Bd5 10.Bf4 Na6 11.Qc1 Rc8 12.Bh6 c5 13.Bxg7 Kxg7 14.Qf4 Qb6 15.b3 Rfd8
16.Bh3 Rc7 17.e4 Nxe4 18.dxc5 Qf6 19.Qe3 Rxc5 20.Rac1 Rxc1 21.Rxc1 Qb6 22.Nd4
Nf6 23.Rd1 e6 24.Qf4 Be4 25.Nc4 Rxd4 {#R} 0-1

[Event "It (open)"]
[Site "masterchessopen.com Zdar nad Sazavou (Czech Republic)"]
[Date "2009.09.30"]
[Round "6"]
[White "Horyna Josef (CZE)"]
[Black "Orlicek Karel (CZE)"]
[Result "1-0"]
[WhiteElo "1887"]
[BlackElo "1905"]

1.d4 Nf6 2.Nf3 g6 3.g3 Bg7 4.Bg2 d5 5.O-O O-O 6.Nbd2 c6 7.c4 e6 8.Qc2 Nbd7
9.e4 dxc4 10.Nxc4 Nb6 11.Bg5 Nxc4 12.Qxc4 Qb6 13.Bxf6 Bxf6 14.e5 Bg7 15.b4 Rd8
16.Rab1 Bd7 17.a4 Bf8 18.h4 Be8 19.Rfd1 Rac8 20.h5 Rd7 21.hxg6 hxg6 22.a5 Qb5
23.Qc3 Rdc7 24.Ng5 b6 25.Ne4 Be7 26.axb6 axb6 27.Qe3 Kg7 28.Qf3 Rd7 29.Nf6
Bxf6 30.Qxf6+ Kg8 31.Bf3 {#r} 1-0

[Event "Ch Russia (seniors) (w)"]
[Site "masterchessopen.com Lesnoj gorodok (Russia)"]
[Date "2009.10.04"]
[Round "2"]
[White "Evseeva Ludmila (RUS)"]
[Black "Afanasieva Elena (RUS)"]
[Result "0-1"]
[WhiteElo "1798"]
[BlackElo "1510"]

1.Nf3 Nf6 2.g3 g6 3.Bg2 Bg7 4.d4 d5 5.c4 c6 6.Nbd2 O-O 7.O-O Re8 8.Re1 Bf5
9.cxd5 cxd5 10.Qb3 Qc7 11.Ne5 Bc2 12.Qb5 e6 13.e3 a6 14.Qe2 Nbd7 15.Ndf3 Be4
16.Bd2 Rac8 17.Nxd7 Nxd7 18.Bc3 Qc4 19.Qxc4 dxc4 20.Nd2 Bxg2 21.Kxg2 f5 22.f4
b5 23.a4 Ra8 24.e4 Nb6 25.axb5 axb5 26.Rxa8 Rxa8 27.exf5 exf5 28.Re6 Na4
29.Nf3 Rd8 30.Ne5 Bxe5 31.fxe5 Kf7 32.Ra6 Re8 33.Kf3 Re6 34.Ra7+ Re7 35.Rxe7+
Kxe7 36.d5 Nb6 37.Bb4+ Ke8 38.d6 Kd7 39.h3 Nd5 40.Bc3 b4 41.Bd2 c3 42.Bc1 c2
43.Ke2 b3 44.Kd3 Nb4+ 45.Kc3 Na2+ 46.Kxb3 Nxc1+ 47.Kxc2 Ne2 48.b4 Nxg3 49.b5
Ne4 50.b6 Nc5 51.Kd2 Kc6 52.Ke3 Ne6 53.Kf3 Kxb6 54.h4 Kc6 {#R} 0-1

[Event "It \"]
[Site "masterchessopen.com Moscow (Russia)"]
[Date "2009.10.17"]
[Round "1"]
[White "Karpov Vadim (RUS)"]
[Black "Gvilava Maya (RUS)"]
[Result "1-0"]
[WhiteElo "2386"]
[BlackElo "2051"]

1.d4 Nf6 2.Nf3 g6 3.c4 Bg7 4.g3 O-O 5.Bg2 c6 6.O-O d5 7.Nbd2 Ne4 8.e3 Nxd2
9.Nxd2 e5 10.dxe5 Bxe5 11.cxd5 cxd5 12.Qb3 Na6 13.Qxd5 Qxd5 14.Bxd5 Rd8 15.Bg2
Bxb2 16.Bxb2 Rxd2 17.Bc3 Rd3 18.Rfc1 Nc7 19.Rab1 Ne6 20.Be5 Nd8 21.Be4 Rd2
22.Rd1 Rxd1+ 23.Rxd1 Be6 24.Bf6 Nc6 25.Rb1 Na5 26.Bc3 Nc4 27.Bxb7 Rb8 28.Rd1
f5 29.Bd5 Kf7 30.Bf3 Ke7 31.Kg2 Rb6 32.Rd4 g5 33.h3 Ne5 34.Ra4 Nxf3 35.Rxa7+
Kd6 36.Kxf3 g4+ 37.hxg4 fxg4+ 38.Kf4 Rb5 39.e4 h5 40.Be5+ Kc6 41.Bd4 Rb8 42.a4
Rb4 43.Ke5 Bb3 44.a5 Rb5+ 45.Kf6 Rb4 46.Ke5 Rb5+ 47.Kf4 Rb4 48.Ke3 Bc2 49.Re7
Ra4 50.Re5 Ra3+ 51.Kf4 {#r} 1-0

[Event "Ch World (juniors) (under 20)"]
[Site "masterchessopen.com Puerto Madryn (Argentina)"]
[Date "2009.10.23"]
[Round "2"]
[White "Macias Murillo Bryan (ECU)"]
[Black "Decuadro Sebastian (URU)"]
[Result "1-0"]
[WhiteElo "2335"]
[BlackElo "2034"]

1.d4 Nf6 2.c4 g6 3.Nf3 Bg7 4.g3 O-O 5.Bg2 c6 6.O-O d5 7.Nbd2 Nbd7 8.b3 e5
9.dxe5 Ng4 10.cxd5 cxd5 11.Bb2 Ndxe5 12.Bd4 Nc6 13.Bxg7 Kxg7 14.Qc2 Bf5
15.Qb2+ Kg8 16.h3 Nf6 17.Nd4 Bd7 18.Rfd1 Qe7 19.Nf1 Rfe8 20.Ne3 Qe5 21.Rab1
Ne4 22.Nf3 Qxb2 23.Rxb2 Be6 24.Nxd5 Rad8 25.Ne3 Nc3 26.Rc1 Ne4 27.b4 a6 28.a4
Nd6 29.Ng5 Bd7 30.Nd5 Kg7 31.Nb6 h6 32.Nxd7 hxg5 33.Nc5 Ne5 34.Nxb7 {#r} 1-0

[Event "Ch Faroe Islands (team) 2009/10"]
[Site "masterchessopen.com Faroe Islands"]
[Date "2009.10.25"]
[Round "3"]
[White "Samuelsen Carl Eli Nolsoe (FAI)"]
[Black "Andreasen Andreas (FAI)"]
[Result "1-0"]
[WhiteElo "2294"]
[BlackElo "1929"]

1.d4 d5 2.c4 c6 3.Nf3 Nf6 4.Nbd2 g6 5.g3 Bg7 6.Bg2 O-O 7.O-O Re8 8.b3 Nbd7
9.Bb2 h6 10.Qc2 e6 11.Rfe1 b6 12.Rad1 Bb7 13.e4 dxe4 14.Ne5 Qc7 15.Nxe4 Nxe4
16.Qxe4 Nxe5 17.dxe5 Rad8 18.f4 Rxd1 19.Rxd1 Rd8 20.Qf3 Bf8 21.Rd3 Be7 22.Qd1
Rxd3 23.Qxd3 c5 24.Bxb7 Qxb7 25.g4 Qc7 26.Bc3 Qd8 27.Qf3 Qd7 28.Kf2 Kh7 29.Kg3
Qd8 30.f5 gxf5 31.gxf5 Qg8+ 32.Qg4 Qxg4+ 33.Kxg4 Bg5 34.Be1 Kg7 35.Bg3 Kh7
36.Bf2 Kg7 37.Be1 Kh7 38.b4 cxb4 39.Bxb4 Be3 40.Bd6 Bc5 41.Kf4 Bg1 42.h3 Bc5
43.Ke4 Kg7 44.Bxc5 bxc5 45.h4 Kh7 46.Kd3 Kg7 47.fxe6 fxe6 48.h5 Kf7 49.Kc3 Ke7
50.Kb3 Kd7 51.Ka4 Kc7 52.Kb5 Kb7 53.a4 Kc7 54.Kxc5 Kd7 55.Kb5 Kc7 56.c5 Kb7
57.c6+ Kc8 58.Kc4 Kb8 59.Kb5 Kc8 60.Ka6 Kb8 61.c7+ Kc8 62.Kxa7 Kxc7 63.a5 {#r}
1-0

[Event "It (open)"]
[Site "masterchessopen.com Liberec (Czech Republic)"]
[Round "9"]
[White "Kopp Lubomir (CZE)"]
[Black "Slacik Johann (AUT)"]
[Result "1-0"]
[WhiteElo "1502"]
[BlackElo "1910"]

1.Nf3 g6 2.g3 Bg7 3.d4 Nf6 4.c4 d5 5.Bg2 O-O 6.Nbd2 c6 7.O-O Nbd7 8.Re1 Re8
9.e4 dxe4 10.Nxe4 Nxe4 11.Rxe4 Nb6 12.Ne5 f6 13.c5 fxe5 14.cxb6 Bf5 15.Qb3+
Kh8 16.Rh4 exd4 17.Bh6 Qxb6 18.Qf7 Rg8 19.Qxe7 Qxb2 20.Re1 d3 21.Qe3 Rad8
22.Qe7 Bf6 23.Bc1 Rg7 24.Qxd8+ Bxd8 25.Re8+ {#r} 1-0

[Event "Ch City (1 league)"]
[Site "masterchessopen.com Nizhnij Novgorod (Russia)"]
[Round "0"]
[White "Bespalov Maxim (RUS)"]
[Black "Kupriyanov A (RUS)"]
[Result "0-1"]
[WhiteElo "1922"]
[BlackElo "2249"]

1.d4 d5 2.c4 c6 3.Nd2 Nf6 4.Ngf3 g6 5.g3 Bg7 6.Bg2 O-O 7.O-O Re8 8.Qc2 Bf5
9.Qb3 Qc7 10.cxd5 cxd5 11.Ne5 e6 12.Ndf3 Bc2 13.Qb4 Bf8 14.Qd2 Ne4 15.Qf4 f6
16.Nd3 Bd6 17.Qh4 Nc6 18.b3 Rac8 19.Nc5 Nxd4 20.Nxd4 Bxc5 21.Bxe4 Bxd4 22.Bf4
Qe7 23.Rac1 Bb2 24.Rce1 g5 {#R} 0-1

[Event "Ch Asia (team) (active) (prelim)"]
[Site "masterchessopen.com Ha Long City (Vietnam)"]
[Date "2009.11.05"]
[Round "4"]
[White "Cua Shercila (PHI)"]
[Black "Hoang Thi Bao Tram (VIE)"]
[Result "1-0"]
[WhiteElo "2167"]
[BlackElo "2274"]

1.d4 d5 2.c4 c6 3.Nd2 Nf6 4.Ngf3 g6 5.g3 Bg7 6.Bg2 O-O 7.O-O Bf5 8.b3 a5 9.a3
Qb6 10.Bb2 Nbd7 11.Ne5 Rfd8 12.Nxd7 Rxd7 13.Qc1 Qa6 14.Re1 Bh6 15.e3 a4 16.Bf1
Qb6 17.cxd5 cxd5 18.Qc5 Qxc5 19.dxc5 axb3 20.Nxb3 Bg7 21.Bb5 Rc7 22.Be5 Rcc8
23.Rec1 Rd8 24.c6 bxc6 25.Bxc6 Rac8 26.Nd4 Bd3 27.Bb7 Rxc1+ 28.Rxc1 Ne4 29.Bc7
Rd7 30.Bc8 Rxc7 31.Rxc7 Bf6 32.a4 Nd6 33.Bd7 Nc4 34.Bb5 e5 35.Nc6 e4 36.Ne7+
Bxe7 37.Rxe7 Kg7 38.Rc7 Kf6 39.Bxc4 Bxc4 40.a5 Ke6 41.a6 Kd6 42.a7 {#r} 1-0

[Event "Verbandsklasse B Muensterland 2009/10"]
[Site "masterchessopen.com Germany"]
[Date "2010.01.09"]
[Round "5"]
[White "Rensmann Jochen"]
[Black "Holstegge Ludger"]
[Result "0-1"]
[WhiteElo "1778"]
[BlackElo "1913"]

1.d4 Nf6 2.Nf3 d5 3.g3 g6 4.Bg2 Bg7 5.c4 O-O 6.O-O c6 7.Nbd2 Nbd7 8.Qc2 Nb6
9.e3 Bf5 10.Qb3 dxc4 11.Nxc4 Be6 12.Nfd2 Nxc4 13.Qxb7 Nxd2 14.Bxd2 Bd5 15.Qa6
Qb6 16.Qa3 Rfe8 17.Ba5 Qb7 18.Bh3 Rab8 19.b4 Ne4 20.f4 Nd2 21.Rfc1 Qb5 22.Kf2
Nc4 23.Rxc4 Bxc4 24.Rc1 e6 25.Bg2 Bd5 26.Bf1 Qb7 27.Qa4 Bf8 28.a3 Be7 29.Bd3
f5 30.h4 Bd8 31.Rc5 Bb6 32.Rc3 Rec8 33.Ke1 Qe7 34.Rc2 Qd8 35.Bxb6 axb6 36.Rc3
b5 37.Qc2 Qb6 38.Qb2 Ra8 39.Kd2 Ra6 40.Kc1 Rca8 41.Qa1 Qa7 42.Kb2 Ra4 43.Bc2
Rxb4+ 44.Kc1 Rc4 45.Rxc4 Bxc4 46.a4 Qa5 47.Kd1 bxa4 48.Qa3 Qd5 49.Kc1 Bb3
50.Bd3 Qa5 {#R} 0-1

[Event "Czech League 2009/10 (1st) West"]
[Site "masterchessopen.com Czech Republic"]
[Date "2010.01.10"]
[Round "6"]
[White "Vokoun Jan (CZE)"]
[Black "Lacha Josef (CZE)"]
[Result "1-0"]
[WhiteElo "2197"]
[BlackElo "2065"]

1.Nf3 d5 2.g3 g6 3.Bg2 Bg7 4.d4 Nf6 5.c4 c6 6.Nbd2 O-O 7.O-O Re8 8.b4 Bf5
9.Bb2 Ne4 10.Qb3 dxc4 11.Nxc4 Be6 12.Qc2 Nd6 13.Ncd2 a5 14.Ng5 Bd7 15.bxa5
Rxa5 16.Ngf3 Be6 17.a4 Nd7 18.e4 Nb6 19.Bc3 Ra8 20.Rfb1 Bc8 21.Qb3 Nd7 22.e5
Nf5 23.e6 fxe6 24.Qxe6+ Kh8 25.Ng5 Nh6 26.Qb3 Nf8 27.Ndf3 Qd6 28.Ne5 Be6
29.Qxb7 Bd5 30.Qb2 Rab8 31.Qe2 Rxb1+ 32.Rxb1 Nd7 33.a5 Nxe5 34.dxe5 Qc5 35.Bb4
Qd4 36.Bxd5 Qxd5 37.Re1 Nf5 38.Qe4 Nd4 39.Qxd5 cxd5 40.Bc5 Nc6 41.Bb6 h6
42.Ne6 Rb8 43.f4 Kg8 44.Nc7 Kf7 45.Nxd5 Nxa5 46.Bxa5 Rb5 47.Nxe7 Rxa5 48.Nc6
Rc5 49.Nd4 g5 50.Kf2 gxf4 51.gxf4 Rc3 52.Re3 Rc4 53.Rd3 Bf8 54.Kf3 Bc5 55.Ke4
Bxd4 56.Rxd4 Rc2 57.Kf5 Rxh2 58.Rd7+ {#r} 1-0

[Event "It (open) (active) \"]
[Site "masterchessopen.com Dresden (Germany)"]
[Date "2010.01.16"]
[Round "1"]
[White "Epishin Vladimir (GER)"]
[Black "Mueller Richard (GER)"]
[Result "1-0"]
[WhiteElo "2594"]
[BlackElo "1949"]

1.d4 Nf6 2.Nf3 g6 3.g3 Bg7 4.Bg2 O-O 5.O-O d5 6.Nbd2 c6 7.c4 Bd7 8.Re1 Na6
9.a3 Nc7 10.h3 Qc8 11.Kh2 Ne4 12.Nxe4 dxe4 13.Ne5 f5 14.Be3 Be6 15.Qc2 Rd8
16.b4 a6 17.f3 exf3 18.exf3 Ne8 19.Rad1 Nd6 20.Bg5 Bf6 21.f4 Re8 22.c5 Nb5
23.d5 cxd5 24.Nxg6 Nc7 25.Bxf6 hxg6 26.Be5 Bf7 27.Bb2 Nb5 28.a4 Nc7 29.Qc3 e5
30.Rxe5 {#r} 1-0

[Event "It (open) (active) \"]
[Site "masterchessopen.com Dresden (Germany)"]
[Date "2010.01.17"]
[Round "7"]
[White "Epishin Vladimir (GER)"]
[Black "Karius Thomas (GER)"]
[Result "1-0"]
[WhiteElo "2594"]
[BlackElo "2234"]

1.d4 Nf6 2.Nf3 g6 3.g3 Bg7 4.Bg2 O-O 5.O-O d5 6.Nbd2 c6 7.c4 Ne4 8.Qb3 Nxd2
9.Bxd2 dxc4 10.Qxc4 Be6 11.Qc2 Bxd4 12.Nxd4 Qxd4 13.Rfd1 Qc4 14.Bc3 a5 15.Rd4
Qc5 16.Rad1 b5 17.a3 b4 18.axb4 axb4 19.Rxb4 Nd7 20.Qd2 Nb6 21.Bd4 Rfd8 22.Qh6
Rxd4 23.Rbxd4 Nd5 24.e4 Bg4 25.exd5 Bxd1 26.Rxd1 cxd5 27.Bxd5 Rb8 28.Bxf7+
{#r} 1-0

[Event "It (open)"]
[Site "masterchessopen.com Novy Bor (Czech Republic)"]
[Date "2010.02.18"]
[Round "7"]
[White "Baum Bernd Dr (GER)"]
[Black "Ulanowski Karol (POL)"]
[Result "1-0"]
[WhiteElo "2253"]
[BlackElo "1847"]

1.d4 Nf6 2.g3 g6 3.Bg2 d5 4.Nf3 Bg7 5.O-O O-O 6.Nbd2 c6 7.c4 Bf5 8.Qb3 Qc7
9.Ne5 e6 10.h3 Be4 11.Nxe4 Nxe4 12.Bf4 g5 13.Be3 c5 14.Nf3 cxd4 15.Nxd4 dxc4
16.Qd1 Qe5 17.Qc1 Nd7 18.Rd1 Ndf6 19.Nf3 Qb5 20.Nxg5 Nxg5 21.Bxg5 Nd5 22.Rb1
c3 23.bxc3 Qxe2 24.Bxd5 exd5 25.Bh6 Qe5 26.Rxb7 Rfc8 27.Bxg7 Kxg7 28.Rd4 Qxd4
29.Qg5+ {#r} 1-0

[Event "Ch Denmark (team) 2009/10"]
[Site "masterchessopen.com Denmark"]
[Date "2010.03.01"]
[Round "5"]
[White "Jelling Erik (DEN)"]
[Black "Olsen Nils Linde (DEN)"]
[Result "1-0"]
[WhiteElo "2369"]
[BlackElo "2246"]

1.d4 Nf6 2.Nf3 g6 3.g3 Bg7 4.Bg2 O-O 5.O-O d5 6.c4 c6 7.Nbd2 Re8 8.b3 a5 9.a3
Bf5 10.Nh4 Qd7 11.Nxf5 Qxf5 12.Bb2 e6 13.Rc1 Nbd7 14.e3 Rec8 15.Qe2 Ne8 16.e4
dxe4 17.Nxe4 Ndf6 18.Nc5 Rab8 19.Nd3 Rd8 20.h3 h5 21.Rfd1 Nd6 22.a4 g5 23.Ne5
g4 24.hxg4 hxg4 25.c5 Nde4 26.Nxg4 Nxg4 27.Bxe4 Qh5 28.Bf3 Qh2+ 29.Kf1 Nf6
30.Bc3 Ra8 31.Qe1 Bh6 32.Rc2 Qh3+ 33.Kg1 Ng4 34.Bg2 Qh2+ 35.Kf1 Rd5 36.Qe2
Nxf2 37.Bxd5 exd5 38.Qf3 Qh3+ 39.Kxf2 Re8 40.Re1 {#r} 1-0

[Event "Ch Europe"]
[Site "masterchessopen.com Rijeka (Croatia)"]
[Date "2010.03.10"]
[Round "5"]
[White "Arkell Keith C (ENG)"]
[Black "Zelic Mladen (CRO)"]
[Result "1-0"]
[WhiteElo "2439"]
[BlackElo "2291"]

1.d4 Nf6 2.Nf3 g6 3.c4 Bg7 4.g3 c6 5.Bg2 d5 6.Nbd2 O-O 7.O-O a5 8.e3 Bf5 9.Qe2
Nbd7 10.h3 Ne4 11.g4 Nxd2 12.Nxd2 Be6 13.f4 f5 14.Nf3 Nf6 15.Ng5 Qd7 16.Nxe6
Qxe6 17.gxf5 gxf5 18.Bd2 dxc4 19.Rac1 b5 20.b3 Ne4 21.Bxe4 Qxe4 22.Qg2 Qxg2+
23.Kxg2 cxb3 24.axb3 Rf6 25.Rc5 a4 26.Ra1 Kf7 27.bxa4 bxa4 28.Kf3 Ke8 29.Ba5
Rh6 30.Rxf5 Rxh3+ 31.Ke4 Rb8 32.Rxa4 Rb3 33.Bd2 Rh2 34.Ra2 Re2 35.Rfa5 h5
36.Bc1 Re1 37.Rc2 h4 38.Rh5 Bf6 39.Rxc6 Rb1 40.Bd2 Re2 41.Kd3 Rh2 42.Bc3 Rc1
43.Rh7 Rhh1 44.Rc5 Kd7 45.Ke4 h3 46.Rd5+ Kc6 47.Bb4 h2 48.Rdh5 Rc2 49.Bxe7
Bxe7 50.Rxe7 Re1 51.Rh6+ Kb5 52.Rb7+ Ka5 53.Rbh7 Rc3 54.Ra7+ Kb5 55.Rb7+ Ka5
56.Rxh2 Rexe3+ 57.Kd5 Ka6 58.Rhh7 {#r} 1-0

[Event "Bundesliga B East 2009/10"]
[Site "masterchessopen.com Austria"]
[Date "2010.03.27"]
[Round "8"]
[White "Batyte Daiva (LTU)"]
[Black "Ross Helmut (AUT)"]
[Result "1-0"]
[WhiteElo "2167"]
[BlackElo "1943"]

1.Nf3 Nf6 2.c4 g6 3.g3 Bg7 4.Bg2 O-O 5.O-O c6 6.d4 d5 7.Nbd2 dxc4 8.Nxc4 Be6
9.Nce5 Nbd7 10.Ng5 Nxe5 11.Nxe6 fxe6 12.dxe5 Nd5 13.e4 Nc7 14.f4 Qxd1 15.Rxd1
Rfd8 16.Be3 b6 17.b4 Kf7 18.Bf1 Ke8 19.a4 g5 20.Rdc1 {#r} 1-0

[Event "Ch Ukraine (juniors) (under 16) (g)"]
[Site "masterchessopen.com Lugansk (Ukraine)"]
[Date "2010.03.28"]
[Round "7"]
[White "Bogdan Darya (UKR)"]
[Black "Kolba Anastasiya (UKR)"]
[Result "0-1"]
[WhiteElo "1889"]
[BlackElo "1988"]

1.d4 d5 2.Nf3 Nf6 3.g3 c6 4.Bg2 g6 5.O-O Bg7 6.Nbd2 O-O 7.c4 a6 8.a4 b6 9.b3
Bb7 10.Bb2 b5 11.Qc2 Nbd7 12.Rfe1 dxc4 13.bxc4 Nb6 14.axb5 axb5 15.Rxa8 Bxa8
16.cxb5 cxb5 17.Qc5 Ne4 18.Nxe4 Bxe4 19.e3 Bd3 20.Ba3 Nc8 21.Rc1 Nd6 22.Ne5
Be4 23.Bxe4 Nxe4 24.Qxe7 Qa8 25.Nc6 Re8 26.Qa7 Bf8 27.Bxf8 Kxf8 28.f3 Qxa7
29.Nxa7 Nd2 30.Kf2 Nc4 31.Nxb5 Nxe3 32.Re1 Nd5 33.Rxe8+ Kxe8 34.Ke2 h5 35.Kd3
Kd7 36.Nc3 Nb4+ 37.Ke4 Kd6 38.Nb5+ Kc6 39.Na3 Kd6 40.Nc4+ Ke6 41.Ne5 Nd5
42.Nc6 Nf6+ 43.Kd3 Nd5 44.Na5 Nb4+ 45.Kc4 Nd5 46.Kc5 h4 47.Nc4 hxg3 48.hxg3 f5
49.Nb6 Nxb6 50.g4 Nd5 51.gxf5+ gxf5 52.Kc6 f4 53.Kc5 Ne3 54.Kc6 Nd5 55.Kc5 Ne7
56.Kc4 Kd6 {#R} 0-1